000 00438nam a2200205Ia 4500
001 12905
003 GE_BSU
008 181216s||||||||xx |||||||||||||| ||und||
020 _a139780007796533
040 _cGE_BSU
080 _a821.111-312.4
100 _aPatterson,James.
245 _aBlack Market.
260 _aLondon.
260 _bHarper.
260 _c2006
300 _a399p;18cm.
653 _aBlack Market.
942 _cBK
999 _c46075
_d46075